Detalles MARC
| 000 -LIDER |
| fixed length control field |
01577nam a2200373 a 4500 |
| 001 - NÚMERO DE CONTROL |
| Identificador de número de control |
000007137 |
| 003 - IDENTIFICACDOR DE NÚMERO DE CONTROL |
| control field |
DO-SdBNP |
| 005 - DATE AND TIME OF LATEST TRANSACTION |
| control field |
20240314121607.0 |
| 007 - CAMPOS FIJOS DE DESCRIPCIÓN FÍSICA |
| fixed length control field |
000007137 |
| 008 - ELEMENTOS DE LONGITUD FIJA |
| fixed length control field |
090717s2002018 mx 001 0 spa d |
| 020 ## - ISBN |
| Canceled/invalid ISBN |
9789688508211 |
| 040 ## - FUENTE DE CATALOGACIÓN |
| Agencia que crea de manera original el registro |
BPMSU |
| Idioma de catalogación |
spa |
| Agencia que realiza la transcripción |
BPMSU |
| 082 #4 - NÚMERO DE CLASIFICACIÓN DECIMAL DE DEWEY |
| Classification number |
306.81 |
| Item number |
D568p 2018 |
| Edition number |
22 |
| 100 1# - ASIENTO PRINCIPAL -- NOMBRE PERSONAL |
| Nombre personal |
Díez, Jordi, |
| Fechas asociadas con el nombre |
1966- |
| 245 13 - MENCIÓN DE TITULO |
| Título |
La política del matrimonio gay en América Latina : |
| Subtítulo |
Argentina, Chile y México / |
| Mención de responsabilidad |
Jordi Díez ; prólogo Olga Sánchez Cordero ; traducción Bárbara Pérez Curiel. |
| 260 ## - PUBLICACIÓN, DISTRIBUCIÓN, ETC. (PIE DE IMPRENTA) |
| Lugar de publicación, distribución, etc |
México : |
| Nombre del editor, distribuidor, etc. |
Fondo de Cultura Económica ; |
| Fecha de publicación, distribución, etc |
2018 |
| 300 ## - DESCRIPCIÓN FÍSICA |
| Extensión |
436 p. ; |
| Dimensiones |
23 cm. |
| Otros detalles físicos |
|
| 490 0# - MENCIÓN DE SERIES |
| Mención de serie |
Sección de obras de política y derecho |
| 500 ## - NOTA GENERAL |
| Nota general |
Incluye datos biogràficos del autor en la contracubierta |
| 500 ## - NOTA GENERAL |
| Nota general |
Incluye referencias bibliográficas y notas al pie de las páginas |
| 504 ## - NOTA DE BIBLIOGRAFÍA, ETC. |
| Bibliography, etc |
bibliografía : (páginas 393-423) e índice. |
| 534 ## - NOTA SOBRE LA VERSIÓN ORIGINAL |
| Frase introductoria |
Título original :The politics of gay marriage in Latin America. Argentina, Chile and México. |
| 590 ## - NOTA LOCAL |
| Texto de la nota local |
Inventariado, 2024/VM |
| 650 #4 - ENCABEZAMIENTO DE MATERIA--TEMÁTICO |
| Término temático o nombre geográfico como elemento de entrada |
Matrimonio homosexual |
| Subdivisión temática general |
América Latina. |
| 650 #4 - ENCABEZAMIENTO DE MATERIA--TEMÁTICO |
| Término temático o nombre geográfico como elemento de entrada |
Matrimonio homosexual |
| Subdivisión temática general |
Argentina. |
| 650 #4 - ENCABEZAMIENTO DE MATERIA--TEMÁTICO |
| Término temático o nombre geográfico como elemento de entrada |
Matrimonio homosexual |
| Subdivisión geográfica |
Chile |
| 650 #4 - ENCABEZAMIENTO DE MATERIA--TEMÁTICO |
| Término temático o nombre geográfico como elemento de entrada |
Matrimonio homosexual |
| Subdivisión geográfica |
México |
| 700 1# - ASIENTO SECUNDARIO -- NOMBRE PERSONAL |
| Nombre personal |
Pérez Curiel, Bárbara, |
| Mención de responsabilidad |
tr. |
| 700 1# - ASIENTO SECUNDARIO -- NOMBRE PERSONAL |
| Nombre personal |
Sánchez Cordero de García Villegas, Olga, |
| Mención de responsabilidad |
pról. |
| 710 2# - ASIENTO SECUNDARIO -- NOMBRE CORPORATIVO |
| Nombre corporativo o de jurisdicción |
Fondo de Cultura Económica (México) |
| 710 2# - ASIENTO SECUNDARIO -- NOMBRE CORPORATIVO |
| Nombre corporativo o de jurisdicción |
Centro de Investigación y Docencia Económicas (México) |
| 910 ## - VALIDACIÓN |
| Validación |
VMateo V. Control de calidad BPMSU |
| 942 ## - ADDED ENTRY ELEMENTS (KOHA) |
| Source of classification or shelving scheme |
Dewey Decimal Classification |
| Koha item type |
Libros |